So sánh năng suất 14 giống đậu phụng du nhập

Spremljeno u:
Bibliografski detalji
Glavni autor: Nguyễn Văn Dừa
Format: Knjiga
Jezik:Undetermined
Izdano: Cần Thơ Viện Đại Học Cần Thơ - Đại Học Nông Nghiệp 1974
Teme:
Oznake: Dodaj oznaku
Bez oznaka, Budi prvi tko označuje ovaj zapis!
Thư viện lưu trữ: Trung tâm Học liệu Trường Đại học Cần Thơ
LEADER 00596nam a2200181Ia 4500
001 CTU_33577
008 210402s9999 xx 000 0 und d
082 |a 633.368 
082 |b D551 
100 |a Nguyễn Văn Dừa 
245 0 |a So sánh năng suất 14 giống đậu phụng du nhập 
245 0 |c Nguyễn Văn Dừa 
260 |a Cần Thơ 
260 |b Viện Đại Học Cần Thơ - Đại Học Nông Nghiệp 
260 |c 1974 
650 |a field crops,peanuts 
904 |i Minh, 991103 
980 |a Trung tâm Học liệu Trường Đại học Cần Thơ